MARC details
| 000 -LEADER |
| fixed length control field |
01448cam a2200397Ia 4500 |
| 003 - CONTROL NUMBER IDENTIFIER |
| control field |
SJDS |
| 005 - DATE AND TIME OF LATEST TRANSACTION |
| control field |
20240511105650.0 |
| 008 - FIXED-LENGTH DATA ELEMENTS--GENERAL INFORMATION |
| fixed length control field |
050506t20062006nyua j 000 1 spa |
| 010 ## - LIBRARY OF CONGRESS CONTROL NUMBER |
| LC control number |
2005013132 |
| 020 ## - INTERNATIONAL STANDARD BOOK NUMBER |
| International Standard Book Number |
1930332831 |
| 020 ## - INTERNATIONAL STANDARD BOOK NUMBER |
| International Standard Book Number |
9781930332836 |
| 035 ## - SYSTEM CONTROL NUMBER |
| System control number |
(OCoLC)62778668 |
| 040 ## - CATALOGING SOURCE |
| Original cataloging agency |
DLC |
| Transcribing agency |
DLC |
| Modifying agency |
DPL |
| -- |
SAP |
| -- |
BAKER |
| -- |
UtOrBLW |
| 041 1# - LANGUAGE CODE |
| Language code of text/sound track or separate title |
spa |
| Language code of original |
eng |
| 049 ## - LOCAL HOLDINGS (OCLC) |
| Holding library |
IFAA |
| 099 ## - LOCAL FREE-TEXT CALL NUMBER (OCLC) |
| Classification number |
ESPANOL EASY READERS SEUSS 2006 |
| 100 1# - MAIN ENTRY--PERSONAL NAME |
| Personal name |
Seuss, |
| Titles and words associated with a name |
Dr. |
| 240 10 - UNIFORM TITLE |
| Uniform title |
<a href="One fish, two fish, red fish, blue fish.">One fish, two fish, red fish, blue fish.</a> |
| Language of a work |
Spanish |
| 245 13 - TITLE STATEMENT |
| Title |
Un pez, dos peces, pez rojo, pez azul / |
| Statement of responsibility, etc. |
por Dr. Seuss ; traducido por Yanitzia Canetti. |
| 260 ## - PUBLICATION, DISTRIBUTION, ETC. (IMPRINT) |
| Place of publication, distribution, etc. |
New York : |
| Name of publisher, distributor, etc. |
Lectorum Publications, |
| Date of publication, distribution, etc. |
[2006] |
| 264 #1 - PRODUCTION, PUBLICATION, DISTRIBUTION, MANUFACTURE, AND COPYRIGHT NOTICE |
| Place of production, publication, distribution, manufacture |
New York : |
| Name of producer, publisher, distributor, manufacturer |
Lectorum Publications, |
| Date of production, publication, distribution, manufacture, or copyright notice |
[2006] |
| 300 ## - PHYSICAL DESCRIPTION |
| Extent |
66 pages : |
| Other physical details |
color illustrations ; |
| Dimensions |
24 cm |
| 336 ## - CONTENT TYPE |
| Content type term |
text |
| Content type code |
txt |
| Source |
rdacontent |
| 337 ## - MEDIA TYPE |
| Media type term |
unmediated |
| Media type code |
n |
| Source |
rdamedia |
| 338 ## - CARRIER TYPE |
| Carrier type term |
volume |
| Carrier type code |
nc |
| Source |
rdacarrier |
| 520 ## - SUMMARY, ETC. |
| Summary, etc. |
A story-poem about the activities of such unusual animals as the Nook, Wump, Yink, Yop, Gack, and the Zeds. |
| 526 0# - STUDY PROGRAM INFORMATION NOTE |
| Program name |
Accelerated Reader |
| Interest level |
LG |
| Reading level |
2.2 |
| Title point value |
0.5 |
| Public note |
9042SP |
| 650 #0 - SUBJECT ADDED ENTRY--TOPICAL TERM |
| Topical term or geographic name as entry element |
Fishes |
| Form subdivision |
Juvenile fiction. |
| 650 #0 - SUBJECT ADDED ENTRY--TOPICAL TERM |
| Topical term or geographic name as entry element |
Pets |
| Form subdivision |
Juvenile fiction. |
| 650 #0 - SUBJECT ADDED ENTRY--TOPICAL TERM |
| Topical term or geographic name as entry element |
Stories in rhyme |
| Form subdivision |
Juvenile literature. |
| 650 #7 - SUBJECT ADDED ENTRY--TOPICAL TERM |
| Topical term or geographic name as entry element |
Peces |
| Form subdivision |
Novela juvenil. |
| Source of heading or term |
bidex |
| 650 #7 - SUBJECT ADDED ENTRY--TOPICAL TERM |
| Topical term or geographic name as entry element |
Mascotas |
| Form subdivision |
Novela juvenil. |
| Source of heading or term |
bidex |
| 650 #7 - SUBJECT ADDED ENTRY--TOPICAL TERM |
| Topical term or geographic name as entry element |
Cuentos en rima |
| Form subdivision |
Literatura juvenil. |
| Source of heading or term |
bidex |
| 700 1# - ADDED ENTRY--PERSONAL NAME |
| Personal name |
Canetti, Yanitzia, |
| Dates associated with a name |
1967- |
| 942 ## - ADDED ENTRY ELEMENTS (KOHA) |
| Koha item type |
Libro/Book |
| Source of classification or shelving scheme |
Dewey Decimal Classification |